| 000 | 00371nam a2200145Ia 4500 | ||
|---|---|---|---|
| 008 | 240624s9999 xx 000 0 und d | ||
| 041 | _aeng | ||
| 082 | _a657 STI | ||
| 100 | _aSTICE EARL K | ||
| 245 | _aFINANCIAL ACCOUNTING REPORTING AND ANALY | ||
| 250 | _a(7th ed.) | ||
| 260 |
_c2007 _aNew Delhi _bThomson |
||
| 300 | _axxiii, : 864 : p. : cm. ; 26 | ||
| 365 |
_cRS _b33 |
||
| 999 |
_c5147 _d5147 |
||